000 01181cam a2200313 a 4500
001 4994889
003 OSt
005 20140315093852.0
008 990302s1999 nyu c 000 1 eng
010 _a 99022562
020 _a043923641X
040 _aDLC
_cDLC
_dDLC
042 _alcac
050 0 0 _aPZ 7
_b.B327Wi 2001.
100 1 _aBaum, L. Frank
_q(Lyman Frank),
_d1856-1919.
_924805
245 1 4 _aThe wizard of oz /
_cby L. Frank Baum; illustrations by Paul Granger
260 _aNew York :
_bScholastic Inc.,
_c1958.
300 _a156 p. :
_c22 cm.
521 _aG9
526 _c1000
650 _aFiction
_xJuvenile literature.
_930110
856 4 2 _3Publisher description
_uhttp://www.loc.gov/catdir/description/hc043/99022562.html
856 4 2 _3Contributor biographical information
_uhttp://www.loc.gov/catdir/enhancements/fy0912/99022562-b.html
906 _a7
_bcbc
_corignew
_d1
_eocip
_f19
_gy-gencatlg
942 _2lcc
_cBK
999 _c47418
_d47418